Riconosci il Pokémon - Quiz n°631 - Statistics

Statistiche generali
  • Questo quiz è stato fatto 0 volte
  • Il punteggio medio è 0 su 10
Statistiche sulle risposte
Indizio Riposta % Corretto
Altezza 1,9 m
0%
Tasso di cattura 30 (8.8%)
0%
Sesso 50% ♂, 50% ♀
0%
Peso 51,5 kg
0%
Abilità Acceleratore; Lentifumé; Indagine
0%
Tipo Coleottero / Volante
0%
Tasso di allevamento Medio-Veloce
0%
Stadio evoluzione Prima evoluzione
0%
Generazione Quarta
0%
Pokémon Yanmega
0%
Nessun quiz corrispondente trovato
Distribuzione punteggi
Percentuale di utenti per punteggio
Percentile per numero di risposta
I tuoi punteggi nel tempo
Non hai fatto questo quiz